000 00313 a2200109 4500
001 ART_19171
005 20260410161704.0
008 260409a
245 1 0 _aEl blanqueo de bienes de años prescriptos
100 1 _aOklander, Juan
773 0 _tRevista Impuestos
_g- Nº 11 (jun. 2009)
_wREV639
999 _c15496
_d15496